000 00703nam a2200229Ia 4500
003 OSt
005 20220923212326.0
006 a|||||r|||| 00| 0
007 ta
008 220922b |||||||| |||| 00| 0 hin d
024 _a152,277
037 _cTextual
040 _aARTS
_cARTS
_bhin
041 _2hin
_ahin
082 _aN144vN, 152K7
100 _aकौशिक, दिनकर
_9156290
245 0 _aकाल और कला, महेन्द्र चतुर्वेदी अनु
246 _aKāl aur kalā, hinendra chaturvedī anu0
260 _c1967
942 _hN144vN, 152K7
_cTEXL
_2CC
999 _c307926
_d307926